shawn mendes - Statistics

General Stats
  • This quiz has been taken 436 times
  • The average score is 9 of 14
Answer Stats
question Answer % Correct
Where was he born (country) Canada
91%
What is Shawns full name? Shawn Peter Raul Mendes
90%
Is he dating anyone? no
89%
What is Shawns Album called? Handwritten
88%
How old is Shawn (before 2016 birthday) 17
85%
What was Shawns First song? Life of the party
85%
What is Shawns sisters name? Aaliyah
77%
How did he start becoming a hit? Vine
75%
What is Shawns favourite color? Green
70%
When was Shawn born? 8 August 1998
58%
Who's sang "Air" with him? Astrid
55%
What is Shawns favourite type of food? Chinese
15%
Who sang "I know what you did last summer" with him? Camilla Cabllo
7%
He is half (...) Porteguese
6%
No matching quizzes found
Score Distribution
Percent of People with Each Score
Percentile by Number Answered
Your Score History
You have not taken this quiz